000 00414nam a22001697a 4500
005 20250324102819.0
008 250324b |||||||| |||| 00| 0 eng d
020 _a9780415093286
050 _aHD1282
_b.5 BAU
100 _aBaum, Andrew
245 _aProperty investment appraisal
250 _a2nd
260 _aLondon
_bRoutlegdge
_cc1995
300 _axv, 304p
700 _aCrosby Neil
942 _2lcc
_cBK
_n0
999 _c5124
_d5124